| 000 | 01182cam a22001934a 4500 | ||
|---|---|---|---|
| 005 | 20250605164139.0 | ||
| 008 | 250528s ||||||||||||||||||||||||d | ||
| 035 | _a18913 | ||
| 020 | _a9607212134 | ||
| 040 |
_aGR-AtMCL _bgre _dGR-AtMCL _eAACR2 |
||
| 245 | 1 | _aFCE / Use of English | |
| 260 |
_bExpress Publishing, _c1988 |
||
| 300 | _a320 | ||
| 520 | _aThis practical book is intended for students preparing for FCE. Modals, Prepositions of Time and Place and Movement, Infinitive - Too/ Enough, Gerund, Clauses of Purpose, Clauses of Result, Conditionals, Wishes, Indirect Speech, Comparisons, Passive Voice, Inversion, Causative Form, Relatives, Clauses of Concession, Time Clauses, Clauses of Reason, Clauses of Place, Exclamatory Sentences, Miscellaneous Points, Words Often Confused, Participles, The Definite Article ''The'', The Indefinite Article ''A, An'', Nouns, One/ Ones, Do-Make, As-Like, Clauses of Manner, Question Tags, Adjectives, Adverbs, Tenses, Joining Sentences, Word Building, Verbal Constructions, Phrasal Verbs, Punctuation, Transformation, Irregular Verbs. | ||
| 700 | 1 |
_aPagoulatou-Vlachou V _95194 |
|
| 942 | _cBK | ||
| 999 |
_c4214 _d4214 |
||